000 00516nam a2200169Ia 4500
008 260520s2025 xx 000 0 und d
020 _a978-93-48838-56-8
041 _amar
082 _a332.4/BHO
100 _aभोसले, एस एम
245 _aपैसा आणि बँकिंग (B.A.II,S-III, P-IV)
_b(NEP-2.0)
250 _a1st ed
260 _aकोल्हापूर
_bफडके प्रकाशन
_c2025
300 _a212p.
500 _aCat No: 14907
650 _aECONOMICS
999 _c1221713
_d1221713